00752 a2200265 4500260001000000630004600010650002600056100002000082700001700102700001500119260001000134245010500144300001000249650002600259260000900285300000900294100000700303037001000310037001000320037001000330250001700340020001800357999001700375952009400392 aParis a31 - Statistique. Demographie. Sociologie a3 - SCIENCES SOCIALES aLebart, Ludovic aMorineau, A. aTabart, N. bDunod aTechniques de la description statistique: méthodes et logiciels pour l'analyse des grands tableaux a351p. aTableaux statistiques c1982 b25cm lFr aS3585 aS3586 aS3587 aNouv. Tirage a2-04-010090-3 c33435d33435 00104070aBUACbBUACd2009-02-28l0o519.241 LEBr2009-02-28 00:00:00w2009-02-28yLIVR